A-Z Soccer Teams - Statistics

General Stats
  • This quiz has been taken 487 times
  • The average score is 14 of 26
Answer Stats
Player Letter Team % Correct
Lionel Messi B Barcelona
98%
Eden Hazard C Chelsea
98%
Marco Reus D Dortmund
95%
Alexis Sánchez A Arsenal
94%
Paul Pogba M Manchester United
91%
Christiano Ronaldo R Real Madrid
90%
Romelu Lukaku E Everton
87%
Gonzalo Higuaín J Juventus
87%
Harry Kane T Tottenham
86%
Philippe Coutinho L Liverpool
84%
Edinson Cavani P Paris-Saint Germain
84%
Mauro Icardi I Inter Milan
81%
Marek Hamšík N Napoli
76%
Dimitri Payet W West Ham
66%
Dirk Kuyt F Feyenoord
64%
Nani V Valencia
44%
Kostas Fortounis O Olympiacos
33%
Alen Halilović H Hamburg
21%
Coke S Schalke
10%
Andreas Pereira G Granada
9%
Alexander Gerndt Y Young Boys
9%
Thomas Delaney K København
8%
Cani Z Zaragoza
7%
Karim Soltani X Xanthi
4%
George Mallia Q Qormi
1%
Chisamba Lungu U Ural
0%
No matching quizzes found
Score Distribution
Percent of People with Each Score
Percentile by Number Answered
Your Score History
You have not taken this quiz